| Tag |
First Indicator |
Second Indicator |
Subfields |
| LEADER |
00000cam a2200000 i 4500 |
| 001 |
in00004591121 |
| 006 |
m o d f |
| 007 |
cr b|||||||ada |
| 008 |
101115s1996 mnuab ob f000 0 eng c |
| 005 |
20221014215347.5 |
| 035 |
|
|
|a (OCoLC)ocn681452670
|
| 040 |
|
|
|a OCLCE
|b eng
|e rda
|e pn
|c OCLCE
|d OCLCQ
|d OCLCF
|d OCLCQ
|d OCLCO
|d OCLCQ
|d COP
|d OCLCA
|d OCLCQ
|d OCLCO
|d GPO
|d MvI
|
| 042 |
|
|
|a dlr
|a pcc
|
| 043 |
|
|
|a n-us-mn
|
| 049 |
|
|
|a WWW
|
| 050 |
|
4 |
|a GB701
|b .W375 no.95-4201
|
| 074 |
|
|
|a 0624-B-05 (online)
|
| 086 |
0 |
|
|a I 19.42/4:95-4201
|
| 100 |
1 |
|
|a Lindgren, Richard J.,
|0 http://id.loc.gov/authorities/names/n83183990
|e author.
|
| 245 |
1 |
0 |
|a Availability and quality of water from drift aquifers in Marshall, Pennington, Polk, and Red Lake counties, northwestern Minnesota /
|c by R.J. Lindgren.
|
| 264 |
|
1 |
|a Mounds View, Minnesota :
|b U.S. Geological Survey,
|c 1996.
|
| 300 |
|
|
|a 1 online resource (x, 144 pages) :
|b illustrations (some color), maps (some color).
|
| 336 |
|
|
|a text
|b txt
|2 rdacontent
|
| 337 |
|
|
|a computer
|b c
|2 rdamedia
|
| 338 |
|
|
|a online resource
|b cr
|2 rdacarrier
|
| 490 |
1 |
|
|a Water-resources investigations report ;
|v 95-4201
|
| 500 |
|
|
|a "Prepared in cooperation with the Minneapolis Department of Natural Resources, and the Northwest Minnesota Ground-Water Study Steering Committee."
|
| 500 |
|
|
|a GPO Cataloging Record Distribution Program (CRDP).
|
| 504 |
|
|
|a Includes bibliographical references (pages 103-105).
|
| 588 |
|
|
|a Description based on online resource; title from PDF cover (USGS, viewed July 14, 2022).
|
| 650 |
|
0 |
|a Groundwater
|x Quality
|0 http://id.loc.gov/authorities/subjects/sh85145522
|z Minnesota.
|0 http://id.loc.gov/authorities/names/n79021675
|
| 650 |
|
0 |
|a Drift
|0 http://id.loc.gov/authorities/subjects/sh85039536
|z Minnesota.
|0 http://id.loc.gov/authorities/names/n79021675
|
| 650 |
|
0 |
|a Geology, Stratigraphic.
|0 http://id.loc.gov/authorities/subjects/sh85054086
|
| 650 |
|
0 |
|a Glacial landforms
|0 http://id.loc.gov/authorities/subjects/sh85055053
|z Minnesota.
|0 http://id.loc.gov/authorities/names/n79021675
|
| 651 |
|
7 |
|a Minnesota.
|2 fast
|0 (OCoLC)fst01204560
|
| 710 |
2 |
|
|a Geological Survey (U.S.),
|0 http://id.loc.gov/authorities/names/n80092173
|e issuing body.
|
| 710 |
1 |
|
|a Minnesota.
|b Department of Natural Resources.
|0 http://id.loc.gov/authorities/names/n79078092
|
| 710 |
2 |
|
|a Northwest Minnesota Ground-water Study Steering Committee.
|0 http://id.loc.gov/authorities/names/no96028801
|
| 776 |
0 |
8 |
|i Print version:
|a Lindgren, Richard J.
|t Availability and quality of water from drift aquifers in Marshall, Pennington, Polk, and Red Lake counties, northwestern Minnesota
|w (OCoLC)34834483
|
| 830 |
|
0 |
|a Water-resources investigations report ;
|0 http://id.loc.gov/authorities/names/n84746268
|v 95-4201.
|
| 856 |
4 |
0 |
|u https://purl.fdlp.gov/GPO/gpo184510
|t 0
|
| 999 |
f |
f |
|s 2ce9f841-15eb-4636-8afa-a501cf9bb2ec
|i 5d084513-a61d-43a0-9919-8ae0e8826bea
|t 0
|
| 952 |
f |
f |
|a Texas A&M University
|b College Station
|c Electronic Resources
|d Available Online
|t 0
|e I 19.42/4:95-4201
|h Superintendent of Documents classification
|
| 998 |
f |
f |
|a I 19.42/4:95-4201
|t 0
|l Available Online
|